000 00726nas a2200253 4500
001 BR9505321
003 BR-BrBNA
005 20231205094431.0
007 ta
008 230509b bl.|||p| |||| 00| 00por d
040 _aBR-BrBNA
_bpor
_cBiblioteca Nacional de Agricultura
041 _a(Pt)
072 _aH10
100 1 _aGiannotti, O.
100 1 _aOrlando, A.
100 1 _aPuzzi, D.
245 1 _aCombate as pragas das principais culturas
650 _aPraga de Planta
650 _aInseticida
650 _aControle Quimico
773 0 _tChacaras e Quintais. Agricultura e Pecuaria (Brazil)
_x
_g(Mar 1968), v. 59(699) p. 19-25
_wBR9505321
909 _a202311
_bLúcia
_c55
_dLúcia Elande
942 _2AGRIS
_n0
_cANA
999 _c144287
_d144287